01380pab a2200205 454500008004000000100001900040245004400059260000900103300001400112362000800126520077600134650002600910650002000936700001800956700001700974773005200991909001001043999001701053952010401070180718b2003 xxu||||| |||| 00| 0 eng d aKnack, Stephen aSecond-generation governance indicators c2003 ap.345-64. aSep aThis article summarizes progress made in a World Bank initiative funded by the UK Department for International Development to test and develop policy-relevant, politically acceptable, quantitative indicators of governance. There are two major principles involved in the process of generating indicators that are useful for practical reforms. Political acceptability is key in developing neutral quantitative benchmarks of good governance that can be embraced by reformers. Measures should also be institutionally specific so that reformers know which institutions to reform and how to do so. This article explores some of the most promising second-generation indicators of good governance and elaborates on how they are being used in World Bank operations. - Reproduced. aPublic administration aGood governance aManning, Nick aKulger, Mark aInternational Review of Administrative Sciences a58947 c58947d58947 00104070aIIPAbIIPAd2018-07-19hVolume no: 69, Issue no: 3pAR59392r2018-07-19w2018-07-19yAR